Aulas con memoria (Record no. 68853)

MARC details
000 -LEADER
campo de control de longitud fija 01240nam a2200301 i 4500
001 - NÚMERO DE CONTROL
campo de control 68853
003 - IDENTIFICADOR DE NÚMERO DE CONTROL
campo de control ES-MaACL
005 - FECHA Y HORA DE LA ÚLTIMA TRANSACCIÓN
campo de control 20231214201032.0
007 - CAMPO FIJO DE DESCRIPCIÓN FÍSICA--INFORMACIÓN GENERAL
campo de control de longitud fija t|
008 - DATOS DE LONGITUD FIJA--INFORMACIÓN GENERAL
campo de control de longitud fija 150216s2012 sp ab |||| | spa d
020 ## - NÚMERO INTERNACIONAL ESTÁNDAR DEL LIBRO
Número Internacional Estándar del Libro 978-84-9744-131-5
080 ## - NÚMERO DE LA CLASIFICACIÓN DECIMAL UNIVERSAL
Número de la Clasificación Decimal Universal 373(460.27 M.)(091)
080 ## - NÚMERO DE LA CLASIFICACIÓN DECIMAL UNIVERSAL
Número de la Clasificación Decimal Universal 681.069.5(460.27 M.)
245 00 - MENCIÓN DEL TÍTULO
Título Aulas con memoria
Resto del título : ciencia, educación y patrimonio en los institutos históricos de Madrid (1837-1936) /
Mención de responsabilidad, etc. editores, Leoncio López Ocón, Santiago Aragón, Mario Pedrazuela ; prólogo, Jon Juaristi.
260 ## - PUBLICACIÓN, DISTRIBUCIÓN, ETC.
Lugar de publicación, distribución, etc. Madrid :
Nombre del editor, distribuidor, etc. CEIMES,
Fecha de publicación, distribución, etc. 2012.
300 ## - DESCRIPCIÓN FÍSICA
Extensión 355 p. :
Otras características físicas il. col. y n., gráf., mapas, plano ;
Dimensiones 23 x 23 cm.
504 ## - NOTA DE BIBLIOGRAFÍA, ETC.
Nota de bibliografía, etc. Referencias bibliográficas.
650 #4 - PUNTO DE ACCESO ADICIONAL DE MATERIA--TÉRMINO DE MATERIA
Término de materia o nombre geográfico como elemento de entrada Escuelas secundarias-
Subdivisión geográfica Madrid-
Subdivisión de forma Historia.
9 (RLIN) 156340
650 #4 - PUNTO DE ACCESO ADICIONAL DE MATERIA--TÉRMINO DE MATERIA
Término de materia o nombre geográfico como elemento de entrada Enseñanza secundaria-
Subdivisión geográfica Madrid-
Subdivisión de forma Historia.
9 (RLIN) 156341
650 ## - PUNTO DE ACCESO ADICIONAL DE MATERIA--TÉRMINO DE MATERIA
Término de materia o nombre geográfico como elemento de entrada Instrumentos científicos-
Subdivisión general Colecciones-
Subdivisión geográfica Madrid.
9 (RLIN) 156342
700 1# - ENTRADA AGREGADA--NOMBRE PERSONAL
Nombre de persona López-Ocón Cabrera, Leoncio.
9 (RLIN) 73838
700 1# - ENTRADA AGREGADA--NOMBRE PERSONAL
Nombre de persona Aragón Albillos, Santiago.
9 (RLIN) 156343
700 1# - ENTRADA AGREGADA--NOMBRE PERSONAL
Nombre de persona Pedrazuela Fuentes, Mario.
9 (RLIN) 156344
700 1# - ENTRADA AGREGADA--NOMBRE PERSONAL
Nombre de persona Juaristi, Jon,
Fechas asociadas al nombre 1951-
9 (RLIN) 67169
852 ## - LOCALIZACIÓN
Ubicación ES-MaACL
Número de control de estantería A-13380
itemnumber 71423
Sublocalización o colección R.150307
Ubicación en estantería Depósito 1
Signatura antigua Olim: N-6380
942 ## - ELEMENTOS DE ENTRADA SECUNDARIOS (KOHA)
Fuente del sistema de clasificación o colocación Clasificación decimal universal
Tipo de ítem Koha Libro impreso
Holdings
Estatus retirado Estado de pérdida Fuente del sistema de clasificación o colocación Estado de daño No para préstamo Biblioteca de origen Biblioteca actual Ubicación en estantería Fecha de adquisición Fuente de adquisición Total de préstamos Signatura topográfica completa Código de barras Visto por última vez Precio de reemplazo Tipo de ítem Koha
    Clasificación decimal universal     Biblioteca del Ateneo de Madrid Biblioteca del Ateneo de Madrid Depósito 1 17/01/2008 Donación   A-13380 1072101 23/02/2023 23/02/2023 Libro impreso